[Event "Taastrup 25 Jubilee"]
[Site "Taastrup"]
[Date "1997.??.??"]
[Round "6"]
[White "Andersen, Preben"]
[Black "Duncan, Christopher R"]
[Result "0-1"]
[WhiteElo "2055"]
[BlackElo "2340"]
[PlyCount "82"]
[EventDate "1997.??.??"]
[EventType "swiss"]
[EventRounds "9"]
[EventCountry "DEN"]
[Source "ChessBase"]
[SourceDate "1998.11.10"]

1. e4 c5 2. b4 cxb4 3. d4 d5 4. e5 Nc6 5. a3 e6 6. axb4 Bxb4+ 7. c3 Bf8 8. Bd3
Bd7 9. Nh3 a6 10. Ng5 g6 11. Qf3 Nh6 12. h4 Be7 13. Nxe6 Bxe6 14. Bxh6 Qd7 15.
Nd2 Bg4 16. Qe3 Bf5 17. Be2 Na7 18. Nb3 Bc2 19. Nd2 Nb5 20. Rc1 Bf5 21. f3 Rc8
22. g4 Ba3 23. Bxb5 Qxb5 24. Ra1 Bb2 25. Ra2 Rxc3 26. Qf4 Be6 27. Qf6 Rg8 28.
Kf2 Rc2 29. Bg5 Kd7 30. Rb1 Bxd4+ 31. Ke1 Qxb1+ 32. Nxb1 Rxa2 33. Qe7+ Kc8 34.
Qb4 Ba7 35. Be7 Kb8 36. Bd6+ Ka8 37. Nc3 Rc2 38. Kd1 Rf2 39. Na4 Rc8 40. Nb6+
Bxb6 41. Qxb6 Rfc2 0-1

[Event "Taastrup 25 Jubilee"]
[Site "Taastrup"]
[Date "1997.??.??"]
[Round "2"]
[White "Andersen, Preben"]
[Black "Zolnierowicz, Krzysztof"]
[Result "0-1"]
[WhiteElo "2055"]
[BlackElo "2370"]
[PlyCount "64"]
[EventDate "1997.??.??"]
[EventType "swiss"]
[EventRounds "9"]
[EventCountry "DEN"]
[Source "ChessBase"]
[SourceDate "1998.11.10"]

1. e4 d5 2. exd5 Nf6 3. d4 Nxd5 4. c4 Nb6 5. Nc3 e5 6. Nf3 Bg4 7. dxe5 Qxd1+ 8.
Nxd1 Nc6 9. Bf4 Bxf3 10. gxf3 Nd4 11. Ne3 Bb4+ 12. Kd1 O-O-O 13. Kc1 Nxf3 14.
Bh3+ Kb8 15. Bg4 Rd4 16. Bg3 Nd2 17. Be2 Ndxc4 18. Nf5 Rd2 19. Bxc4 Nxc4 20. a3
Ba5 21. b3 g6 22. Nh6 Rd7 23. b4 Bb6 24. Rd1 Rhd8 25. Rxd7 Rxd7 26. Kc2 Kc8 27.
a4 Rd2+ 28. Kb3 Bd4 29. Re1 Nb6 30. a5 Rb2+ 31. Ka3 Nc4+ 32. Ka4 c5 0-1

[Event "Taastrup 25 Jubilee"]
[Site "Taastrup"]
[Date "1997.??.??"]
[Round "4"]
[White "Andersen, Preben"]
[Black "Hartvig, Ove Weiss"]
[Result "1/2-1/2"]
[WhiteElo "2055"]
[BlackElo "2290"]
[PlyCount "35"]
[EventDate "1997.??.??"]
[EventType "swiss"]
[EventRounds "9"]
[EventCountry "DEN"]
[Source "ChessBase"]
[SourceDate "1998.11.10"]

1. e4 c6 2. d3 d5 3. Nd2 g6 4. g3 Bg7 5. Bg2 e6 6. f4 Ne7 7. Ngf3 c5 8. O-O
Nbc6 9. c3 b5 10. Nb3 c4 11. exd5 Nxd5 12. dxc4 bxc4 13. Nbd4 Qb6 14. Kh1 Bb7
15. Re1 O-O 16. Nc2 Rfd8 17. Qe2 Rac8 18. Ne3 1/2-1/2

[Event "Taastrup 25 Jubilee"]
[Site "Taastrup"]
[Date "1997.??.??"]
[Round "7"]
[White "Brinck Claussen, Bjorn"]
[Black "Andersen, Preben"]
[Result "1-0"]
[WhiteElo "2380"]
[BlackElo "2055"]
[PlyCount "53"]
[EventDate "1997.??.??"]
[EventType "swiss"]
[EventRounds "9"]
[EventCountry "DEN"]
[Source "ChessBase"]
[SourceDate "1998.11.10"]

1. e4 Nf6 2. e5 Nd5 3. d4 d6 4. Nf3 Bg4 5. Be2 e6 6. O-O Be7 7. c4 Nb6 8. Nc3
O-O 9. Be3 Nc6 10. exd6 cxd6 11. d5 exd5 12. cxd5 Bxf3 13. Bxf3 Ne5 14. Be2
Nbd7 15. f4 Ng6 16. Qd2 Re8 17. Bd3 Ngf8 18. Rac1 a6 19. b4 Nf6 20. Bf5 g6 21.
Bh3 N8d7 22. f5 Ne5 23. Ne4 Nfd7 24. Bd4 Nf6 25. fxg6 hxg6 26. Ng5 Nfd7 27.
Nxf7 1-0

[Event "Taastrup 25 Jubilee"]
[Site "Taastrup"]
[Date "1997.??.??"]
[Round "1"]
[White "Brinck Claussen, Bjorn"]
[Black "Hartvig, Ove Weiss"]
[Result "1-0"]
[WhiteElo "2380"]
[BlackElo "2290"]
[PlyCount "81"]
[EventDate "1997.??.??"]
[EventType "swiss"]
[EventRounds "9"]
[EventCountry "DEN"]
[Source "ChessBase"]
[SourceDate "1998.11.10"]

1. e4 c6 2. d4 d5 3. e5 c5 4. dxc5 e6 5. Be3 Ne7 6. Nf3 Nf5 7. Bd4 Nc6 8. c3
Bd7 9. Bd3 Nfxd4 10. cxd4 b6 11. cxb6 Qxb6 12. O-O Qxb2 13. Nbd2 Nxd4 14. Nxd4
Qxd4 15. Qe2 Bb4 16. Nf3 Qc5 17. Rab1 h6 18. Rfc1 Qa5 19. Qb2 Rb8 20. a3 Bd6
21. Qxb8+ Bxb8 22. Rxb8+ Ke7 23. Rxh8 Qxa3 24. Rd1 Ba4 25. Rb1 Qxd3 26. Rb7+
Bd7 27. h3 Qa6 28. Rhb8 f6 29. Rc7 Qa1+ 30. Kh2 fxe5 31. Rbb7 e4 32. Rxd7+ Kf6
33. Rxa7 Qb2 34. Rf7+ Kg6 35. Rxg7+ Qxg7 36. Rxg7+ Kxg7 37. Nd2 Kf6 38. g4 Ke5
39. Kg3 Kd4 40. h4 Kd3 41. Nf1 1-0

[Event "Taastrup 25 Jubilee"]
[Site "Taastrup"]
[Date "1997.??.??"]
[Round "3"]
[White "Brinck Claussen, Bjorn"]
[Black "Thuesen, Mogens Henrik"]
[Result "1/2-1/2"]
[WhiteElo "2380"]
[BlackElo "2225"]
[PlyCount "27"]
[EventDate "1997.??.??"]
[EventType "swiss"]
[EventRounds "9"]
[EventCountry "DEN"]
[Source "ChessBase"]
[SourceDate "1998.11.10"]

1. e4 e6 2. d4 d5 3. Nd2 Nf6 4. e5 Nfd7 5. f4 c5 6. c3 Nc6 7. Ndf3 Qb6 8. g3
cxd4 9. cxd4 Bb4+ 10. Kf2 g5 11. fxg5 Ndxe5 12. Nxe5 Nxe5 13. Kg2 Nc4 14. Nf3
1/2-1/2

[Event "Taastrup 25 Jubilee"]
[Site "Taastrup"]
[Date "1997.??.??"]
[Round "5"]
[White "Brinck Claussen, Bjorn"]
[Black "Gormally, Daniel"]
[Result "0-1"]
[WhiteElo "2380"]
[BlackElo "2375"]
[PlyCount "74"]
[EventDate "1997.??.??"]
[EventType "swiss"]
[EventRounds "9"]
[EventCountry "DEN"]
[Source "ChessBase"]
[SourceDate "1998.11.10"]

1. e4 c5 2. Nf3 d6 3. d4 cxd4 4. Nxd4 Nf6 5. Nc3 g6 6. Be3 Bg7 7. f3 Nc6 8. Qd2
O-O 9. Bc4 Bd7 10. h4 Rc8 11. Bb3 Ne5 12. O-O-O Nc4 13. Bxc4 Rxc4 14. h5 Nxh5
15. g4 Nf6 16. Bh6 Nxe4 17. Qe3 Rxc3 18. bxc3 Nf6 19. Bxg7 Kxg7 20. Rh4 Kh8 21.
Ne2 Rg8 22. Rdh1 Rg7 23. g5 Nh5 24. Qxa7 Bc6 25. Qe3 e5 26. Rd1 Qa5 27. Kb2 Rg8
28. Rxd6 Ra8 29. Rb4 Ng7 30. f4 exf4 31. Qxf4 Qxa2+ 32. Kc1 Re8 33. Kd2 Nf5 34.
Rf6 Qd5+ 35. Nd4 Qg2+ 36. Kc1 Qg1+ 37. Kb2 Ra8 0-1

[Event "Taastrup 25 Jubilee"]
[Site "Taastrup"]
[Date "1997.??.??"]
[Round "3"]
[White "Bromann, Thorbjorn"]
[Black "Andersen, Preben"]
[Result "1-0"]
[WhiteElo "2230"]
[BlackElo "2055"]
[PlyCount "51"]
[EventDate "1997.??.??"]
[EventType "swiss"]
[EventRounds "9"]
[EventCountry "DEN"]
[Source "ChessBase"]
[SourceDate "1998.11.10"]

1. e4 Nf6 2. e5 Nd5 3. d4 d6 4. c4 Nb6 5. exd6 cxd6 6. Nc3 g6 7. d5 Bg7 8. Nge2
O-O 9. Nd4 e5 10. dxe6 Bxe6 11. Nxe6 Re8 12. Be2 Rxe6 13. O-O Nc6 14. Be3 Ne5
15. Bd4 Rc8 16. b3 Bh6 17. Nd5 Nxd5 18. cxd5 Re8 19. Bb5 Re7 20. f4 Nd7 21. f5
Ne5 22. f6 Rec7 23. Bxe5 dxe5 24. d6 Rc1 25. Rxc1 Rxc1 26. Qxc1 1-0

[Event "Taastrup 25 Jubilee"]
[Site "Taastrup"]
[Date "1997.??.??"]
[Round "1"]
[White "Bromann, Thorbjorn"]
[Black "Pilgaard, Kim"]
[Result "0-1"]
[WhiteElo "2230"]
[BlackElo "2370"]
[PlyCount "40"]
[EventDate "1997.??.??"]
[EventType "swiss"]
[EventRounds "9"]
[EventCountry "DEN"]
[Source "ChessBase"]
[SourceDate "1998.11.10"]

1. e4 e5 2. d4 exd4 3. Qxd4 Nc6 4. Qe3 Nf6 5. Bd2 Bb4 6. Nc3 O-O 7. O-O-O Re8
8. Qg3 Nxe4 9. Nxe4 Rxe4 10. Bg5 Be7 11. h4 d6 12. Nf3 Rg4 13. Qh2 Bf6 14. Be2
Bf5 15. Bf4 Qe7 16. Rd2 Qe4 17. g3 Qb4 18. Ne5 Nxe5 19. c3 Qe4 20. h5 Qb1# 0-1

[Event "Taastrup 25 Jubilee"]
[Site "Taastrup"]
[Date "1997.??.??"]
[Round "5"]
[White "Bromann, Thorbjorn"]
[Black "Thuesen, Mogens Henrik"]
[Result "0-1"]
[WhiteElo "2230"]
[BlackElo "2225"]
[PlyCount "126"]
[EventDate "1997.??.??"]
[EventType "swiss"]
[EventRounds "9"]
[EventCountry "DEN"]
[Source "ChessBase"]
[SourceDate "1998.11.10"]

1. e4 Nf6 2. e5 Nd5 3. d4 d6 4. c4 Nb6 5. exd6 exd6 6. Nf3 Be7 7. Be2 O-O 8.
O-O Bg4 9. Nc3 Nc6 10. b3 Bf6 11. Be3 d5 12. c5 Nc8 13. h3 Be6 14. a3 N8e7 15.
b4 a6 16. Rb1 Nf5 17. a4 Re8 18. b5 axb5 19. axb5 Nxe3 20. fxe3 Ne7 21. Bd3 Nf5
22. Qc1 Bg5 23. Nd1 Ra2 24. Rb3 g6 25. Qb1 Ra4 26. Bc2 Ng3 27. Re1 Qf6 28. Rc3
Raa8 29. Nf2 Bf5 30. Bxf5 gxf5 31. c6 b6 32. Ne5 Rxe5 33. dxe5 Qxe5 34. Rd3 Bh4
35. Nd1 f4 36. Qb2 Qxb2 37. Nxb2 Ra2 38. Rb1 fxe3 39. Rxe3 Ne4 40. Rd3 Bf6 41.
Nd1 d4 42. Rf3 Be5 43. Rfb3 Re2 44. Kf1 Rc2 45. Ke1 Bg3+ 46. Kf1 Nd2+ 47. Kg1
Be5 48. g4 Nxb3 49. Rxb3 Rc1 50. Rd3 Rb1 51. Rd2 Rxb5 52. Nf2 f6 53. Nd3 Kf7
54. Kf2 Rb3 55. Kf3 Rc3 56. Ke4 Ke6 57. g5 fxg5 58. Rg2 Bf6 59. h4 gxh4 60.
Nf4+ Kf7 61. Nd5 Rxc6 62. Rf2 Re6+ 63. Kd3 c5 0-1

[Event "Taastrup 25 Jubilee"]
[Site "Taastrup"]
[Date "1997.??.??"]
[Round "9"]
[White "Bromann, Thorbjorn"]
[Black "Nilssen, John Arni"]
[Result "1-0"]
[WhiteElo "2230"]
[BlackElo "2305"]
[PlyCount "63"]
[EventDate "1997.??.??"]
[EventType "swiss"]
[EventRounds "9"]
[EventCountry "DEN"]
[Source "ChessBase"]
[SourceDate "1998.11.10"]

1. e4 c5 2. Nf3 Nc6 3. Nc3 g6 4. d4 cxd4 5. Nxd4 Bg7 6. Nb3 Nf6 7. Be2 O-O 8.
O-O d6 9. Kh1 a5 10. a4 Be6 11. Be3 Bxb3 12. cxb3 Nb4 13. f4 Rc8 14. Rc1 e6 15.
g4 d5 16. e5 Nd7 17. g5 Nxe5 18. fxe5 Bxe5 19. Nb5 d4 20. Rxc8 Qxc8 21. Bd2 Nc6
22. Bf3 Qd8 23. Be4 f5 24. gxf6 Rxf6 25. Rxf6 Qxf6 26. Qf3 Qh4 27. h3 Bb8 28.
Kg2 Ne5 29. Qf4 Qd8 30. Qg5 Qf8 31. Bxa5 h6 32. Qd8 1-0

[Event "Taastrup 25 Jubilee"]
[Site "Taastrup"]
[Date "1997.??.??"]
[Round "8"]
[White "Bromann, Thorbjorn"]
[Black "Duncan, Christopher R"]
[Result "1/2-1/2"]
[WhiteElo "2230"]
[BlackElo "2340"]
[PlyCount "102"]
[EventDate "1997.??.??"]
[EventType "swiss"]
[EventRounds "9"]
[EventCountry "DEN"]
[Source "ChessBase"]
[SourceDate "1998.11.10"]

1. e4 c5 2. Nf3 d6 3. d4 cxd4 4. Nxd4 Nf6 5. Nc3 g6 6. Be2 Bg7 7. O-O Nc6 8.
Nb3 O-O 9. Kh1 Be6 10. Be3 Ne5 11. Bd4 Nc6 12. Be3 a6 13. f4 b5 14. Bf3 Rc8 15.
Nd5 Bxd5 16. exd5 Na5 17. Nxa5 Qxa5 18. Bd4 Qb4 19. Re1 Rfe8 20. a3 Qc4 21. c3
Nd7 22. Bxg7 Kxg7 23. Re4 Qc5 24. Qe2 Nf6 25. Rd4 a5 26. g4 h6 27. g5 hxg5 28.
fxg5 Nh7 29. Rg1 Rb8 30. Qe1 Rb7 31. h4 Nf8 32. Bg4 b4 33. axb4 axb4 34. h5
gxh5 35. Bxh5 bxc3 36. bxc3 Ng6 37. Bxg6 fxg6 38. Rgg4 Qc8 39. Rdf4 Rf8 40. Qe3
Rh8+ 41. Rh4 Rxh4+ 42. Rxh4 Qf5 43. Qd4+ Qe5 44. Qxe5+ dxe5 45. Re4 Kf7 46. Kh2
e6 47. Rxe5 exd5 48. Rxd5 Rc7 49. Rd3 Rc5 50. Rf3+ Ke7 51. Rg3 Ke6 1/2-1/2

[Event "Taastrup 25 Jubilee"]
[Site "Taastrup"]
[Date "1997.??.??"]
[Round "7"]
[White "Duncan, Christopher R"]
[Black "Hartvig, Ove Weiss"]
[Result "1/2-1/2"]
[WhiteElo "2340"]
[BlackElo "2290"]
[PlyCount "109"]
[EventDate "1997.??.??"]
[EventType "swiss"]
[EventRounds "9"]
[EventCountry "DEN"]
[Source "ChessBase"]
[SourceDate "1998.11.10"]

1. Nf3 c5 2. c4 Nf6 3. Nc3 Nc6 4. d4 cxd4 5. Nxd4 g6 6. e4 d6 7. Be2 Bg7 8. Be3
O-O 9. O-O a6 10. Rc1 Bd7 11. f3 Nxd4 12. Bxd4 b5 13. cxb5 axb5 14. a3 Qa5 15.
Na2 Rfc8 16. Rxc8+ Rxc8 17. Nb4 Be6 18. Qd2 Nd7 19. Bxg7 Kxg7 20. Qd4+ f6 21.
f4 Bc4 22. Rc1 Qb6 23. Qxb6 Nxb6 24. Bxc4 Rxc4 25. Rxc4 Nxc4 26. Nd5 Nxb2 27.
Nc3 Nd3 28. Nxb5 Nxf4 29. a4 Nd3 30. a5 Nb4 31. Kf2 Kf7 32. Nc7 Nc6 33. a6 Na7
34. Ke3 e6 35. Kd4 Ke7 36. Kc4 Kd7 37. Nb5 Nc8 38. a7 Nb6+ 39. Kb4 e5 40. Ka5
Na8 41. Nc3 Kc6 42. Nd5 f5 43. Ne7+ Kc5 44. exf5 e4 45. f6 e3 46. f7 e2 47.
f8=Q e1=Q+ 48. Ka6 Qe2+ 49. Kb7 Qxg2+ 50. Kb8 Nb6 51. Kc7 Na8+ 52. Kd8 Nb6 53.
Kc7 Na8+ 54. Kd8 Nb6 55. Kc7 1/2-1/2

[Event "Taastrup 25 Jubilee"]
[Site "Taastrup"]
[Date "1997.??.??"]
[Round "1"]
[White "Duncan, Christopher R"]
[Black "Thuesen, Mogens Henrik"]
[Result "1/2-1/2"]
[WhiteElo "2340"]
[BlackElo "2225"]
[PlyCount "92"]
[EventDate "1997.??.??"]
[EventType "swiss"]
[EventRounds "9"]
[EventCountry "DEN"]
[Source "ChessBase"]
[SourceDate "1998.11.10"]

1. c4 e5 2. Nc3 Nc6 3. g3 g6 4. Bg2 Bg7 5. Rb1 a5 6. d3 Nf6 7. e4 O-O 8. Nge2
d6 9. O-O Bd7 10. h3 Nh5 11. g4 Nf6 12. f4 exf4 13. Bxf4 Ne5 14. Qd2 h6 15. b3
g5 16. Be3 Ng6 17. Ng3 c6 18. Nce2 Nh4 19. Nd4 Qe7 20. Ndf5 Bxf5 21. Nxf5 Nxf5
22. Rxf5 a4 23. b4 Rfe8 24. Rbf1 Nd7 25. h4 f6 26. d4 Qe6 27. Qd3 Nf8 28. h5
Nd7 29. Bf2 Kh8 30. Bg3 b6 31. d5 cxd5 32. exd5 Qe7 33. Qd4 Rab8 34. Re1 Ne5
35. c5 dxc5 36. bxc5 Qxc5 37. Qxc5 bxc5 38. Rc1 Rbc8 39. Bxe5 Rxe5 40. Rxe5
fxe5 41. Rc4 a3 42. d6 Bf6 43. Bd5 Rd8 44. Rxc5 Rxd6 45. Kf2 Bd8 46. Kf3 Kg7
1/2-1/2

[Event "Taastrup 25 Jubilee"]
[Site "Taastrup"]
[Date "1997.??.??"]
[Round "4"]
[White "Gormally, Daniel"]
[Black "Bromann, Thorbjorn"]
[Result "1-0"]
[WhiteElo "2375"]
[BlackElo "2230"]
[PlyCount "55"]
[EventDate "1997.??.??"]
[EventType "swiss"]
[EventRounds "9"]
[EventCountry "DEN"]
[Source "ChessBase"]
[SourceDate "1998.11.10"]

1. d4 d5 2. c4 e6 3. Nc3 c6 4. Nf3 dxc4 5. e3 b5 6. a4 Bb4 7. Bd2 a5 8. axb5
Bxc3 9. Bxc3 cxb5 10. b3 Bb7 11. bxc4 b4 12. Bb2 Nf6 13. Bd3 O-O 14. O-O Nbd7
15. Re1 Qc7 16. e4 e5 17. c5 Ba6 18. Rc1 Rfd8 19. c6 Nf8 20. Bxa6 Rxa6 21. Nxe5
a4 22. d5 b3 23. Ng4 Ne8 24. Ba3 Ra5 25. Ne3 g6 26. Qd4 Ne6 27. Qb4 Rb8 28. Qc3
1-0

[Event "Taastrup 25 Jubilee"]
[Site "Taastrup"]
[Date "1997.??.??"]
[Round "8"]
[White "Gormally, Daniel"]
[Black "Niklasch, Oliver"]
[Result "1-0"]
[WhiteElo "2375"]
[BlackElo "2335"]
[PlyCount "53"]
[EventDate "1997.??.??"]
[EventType "swiss"]
[EventRounds "9"]
[EventCountry "DEN"]
[Source "ChessBase"]
[SourceDate "1998.11.10"]

1. e4 e5 2. Nf3 Nc6 3. d4 exd4 4. Nxd4 Nf6 5. Nxc6 bxc6 6. e5 Qe7 7. Qe2 Nd5 8.
c4 Ba6 9. b3 O-O-O 10. g3 Nb6 11. Bg2 f6 12. Bb2 fxe5 13. O-O Re8 14. a4 Nd5
15. Nc3 Nf6 16. Ba3 Qf7 17. Qe3 Kb7 18. Nb5 Ra8 19. Qxe5 Ne8 20. Bxf8 Rxf8 21.
Rad1 Qf6 22. Qc5 Rf7 23. Rfe1 Qf5 24. Qb4 Qxf2+ 25. Kh1 Rd8 26. Nd6+ Ka8 27.
Nxf7 1-0

[Event "Taastrup 25 Jubilee"]
[Site "Taastrup"]
[Date "1997.??.??"]
[Round "2"]
[White "Gormally, Daniel"]
[Black "Holmsgaard, Henrik"]
[Result "1/2-1/2"]
[WhiteElo "2375"]
[BlackElo "2315"]
[PlyCount "71"]
[EventDate "1997.??.??"]
[EventType "swiss"]
[EventRounds "9"]
[EventCountry "DEN"]
[Source "ChessBase"]
[SourceDate "1998.11.10"]

1. e4 c5 2. Nc3 Nc6 3. Nf3 e5 4. Bc4 Be7 5. d3 Nf6 6. Nd2 O-O 7. Nf1 d6 8. Ne3
Nd4 9. O-O Be6 10. a4 a6 11. Ncd5 Nxd5 12. Nxd5 Rb8 13. c3 Nc6 14. f4 exf4 15.
Bxf4 Bg5 16. Qh5 h6 17. Rf3 b5 18. axb5 axb5 19. Rg3 bxc4 20. Bxg5 hxg5 21.
Rxg5 Ne5 22. Nf4 Qf6 23. Rf1 cxd3 24. Nxd3 Qxg5 25. Qxg5 Nxd3 26. Rf3 Ne5 27.
Rg3 g6 28. Qd2 Rfd8 29. h4 f6 30. Qh6 Rf8 31. Rxg6+ Nxg6 32. Qxg6+ Kh8 33. Qh6+
Kg8 34. Qg6+ Kh8 35. Qh6+ Kg8 36. Qg6+ 1/2-1/2

[Event "Taastrup 25 Jubilee"]
[Site "Taastrup"]
[Date "1997.??.??"]
[Round "6"]
[White "Gormally, Daniel"]
[Black "Hansen, Lars"]
[Result "0-1"]
[WhiteElo "2375"]
[BlackElo "2330"]
[PlyCount "78"]
[EventDate "1997.??.??"]
[EventType "swiss"]
[EventRounds "9"]
[EventCountry "DEN"]
[Source "ChessBase"]
[SourceDate "1998.11.10"]

1. d4 d5 2. c4 dxc4 3. Nf3 Nf6 4. Nc3 a6 5. e4 b5 6. e5 Nd5 7. a4 Nxc3 8. bxc3
Bb7 9. g3 e6 10. Bg2 Be7 11. O-O O-O 12. Qc2 Bd5 13. h4 Nc6 14. Ng5 Bxg5 15.
Bxg5 Qd7 16. Be4 h6 17. Be3 b4 18. Bxd5 exd5 19. cxb4 Nxb4 20. Qe2 Qf5 21. a5
Rab8 22. Rab1 Nc6 23. Rbd1 Rb3 24. Bf4 Nd8 25. Rfe1 Ne6 26. Be3 h5 27. Qa2 Rfb8
28. Qa4 Qf3 29. Rc1 Rb2 30. Rc2 c5 31. dxc5 d4 32. Bc1 R2b4 33. Qd7 Rd8 34. Qa7
d3 35. Rc3 Nd4 36. e6 fxe6 37. Qe7 Rf8 38. Be3 Ne2+ 39. Rxe2 Rb1+ 0-1

[Event "Taastrup 25 Jubilee"]
[Site "Taastrup"]
[Date "1997.??.??"]
[Round "9"]
[White "Hansen, Lars"]
[Black "Koerholz, Ludger"]
[Result "1-0"]
[WhiteElo "2330"]
[BlackElo "2270"]
[PlyCount "83"]
[EventDate "1997.??.??"]
[EventType "swiss"]
[EventRounds "9"]
[EventCountry "DEN"]
[Source "ChessBase"]
[SourceDate "1998.11.10"]

1. e4 c5 2. Nc3 Nc6 3. g3 g6 4. Bg2 Bg7 5. d3 d6 6. Be3 e6 7. Qd2 Nge7 8. Nge2
Nd4 9. Nd1 d5 10. Nxd4 cxd4 11. Bh6 O-O 12. Bxg7 Kxg7 13. O-O dxe4 14. dxe4 e5
15. f4 f6 16. Nf2 Nc6 17. Nd3 b6 18. c4 dxc3 19. Qxc3 Nd4 20. Kh1 Ba6 21. fxe5
Ne2 22. exf6+ Kh8 23. Qa3 Bxd3 24. Rad1 Rxf6 25. Rxf6 Qxf6 26. Rxd3 Rc8 27. Rd1
Rc1 28. Rxc1 Nxc1 29. e5 Qf2 30. Qf3 Qxf3 31. Bxf3 Nxa2 32. e6 Kg7 33. e7 Kf7
34. Bd5+ Kxe7 35. Bxa2 Kd6 36. Kg2 a5 37. Kf2 Kc5 38. Ke3 b5 39. Kd3 b4 40. Bb3
Kb5 41. Bc4+ Kc5 42. b3 1-0

[Event "Taastrup 25 Jubilee"]
[Site "Taastrup"]
[Date "1997.??.??"]
[Round "5"]
[White "Hansen, Lars"]
[Black "Welling, Gerard"]
[Result "0-1"]
[WhiteElo "2330"]
[BlackElo "2385"]
[PlyCount "70"]
[EventDate "1997.??.??"]
[EventType "swiss"]
[EventRounds "9"]
[EventCountry "DEN"]
[Source "ChessBase"]
[SourceDate "1998.11.10"]

1. e4 e5 2. Nc3 Bc5 3. Bc4 Nf6 4. d3 d6 5. f4 Nc6 6. Nf3 a6 7. Rf1 Be6 8. Nd5
Bxd5 9. exd5 Nd4 10. fxe5 dxe5 11. Bg5 h6 12. Nxd4 hxg5 13. Nf5 g6 14. Ng3 Be3
15. d6 Bf4 16. Ne4 cxd6 17. g3 Nxe4 18. dxe4 Qb6 19. gxf4 Qb4+ 20. Qd2 Qxc4 21.
O-O-O Qxa2 22. c3 gxf4 23. Rf2 O-O-O 24. Qd3 Kb8 25. Rdd2 Qe6 26. b4 Rh3 27.
Rf3 Rxf3 28. Qxf3 Qc4 29. Kb2 Ka8 30. Qf2 Rc8 31. Qf3 Rc6 32. Rd5 f5 33. b5
fxe4 34. Qh3 Rb6 35. Qh8+ Ka7 0-1

[Event "Taastrup 25 Jubilee"]
[Site "Taastrup"]
[Date "1997.??.??"]
[Round "7"]
[White "Hansen, Lars"]
[Black "Olsen, Heini"]
[Result "0-1"]
[WhiteElo "2330"]
[BlackElo "2300"]
[PlyCount "100"]
[EventDate "1997.??.??"]
[EventType "swiss"]
[EventRounds "9"]
[EventCountry "DEN"]
[Source "ChessBase"]
[SourceDate "1998.11.10"]

1. e4 c5 2. Nc3 Nc6 3. g3 g6 4. Bg2 Bg7 5. d3 d6 6. Be3 e5 7. Nd5 Nf6 8. Nxf6+
Bxf6 9. Ne2 O-O 10. O-O Bg7 11. c3 b6 12. Qd2 Qc7 13. f4 exf4 14. Bxf4 Ba6 15.
Rad1 Rae8 16. Bh6 Bxh6 17. Qxh6 Ne5 18. Nf4 Bb7 19. Bh3 Qe7 20. c4 f5 21. Nd5
Bxd5 22. cxd5 Nf7 23. Qh4 Qxh4 24. gxh4 fxe4 25. Be6 Kg7 26. dxe4 Ne5 27. h5
Rf3 28. Kg2 Ref8 29. Rxf3 Rxf3 30. Re1 Rf4 31. h3 g5 32. Bf5 h6 33. Rf1 Rxf1
34. Kxf1 Nd3 35. b3 Kf6 36. a3 Ke5 37. Bg6 Nf4 38. Bf5 Nxd5 39. Ke2 Ne7 40. Bh7
Kf6 41. Kf3 Kg7 42. e5 d5 43. Bc2 Kf7 44. h4 gxh4 45. Bd3 Ke6 46. Kf4 h3 47.
Bf1 h2 48. Bh3+ Nf5 49. Bg2 b5 50. b4 c4 0-1

[Event "Taastrup 25 Jubilee"]
[Site "Taastrup"]
[Date "1997.??.??"]
[Round "3"]
[White "Hansen, Lars"]
[Black "Pilgaard, Kim"]
[Result "1/2-1/2"]
[WhiteElo "2330"]
[BlackElo "2370"]
[PlyCount "52"]
[EventDate "1997.??.??"]
[EventType "swiss"]
[EventRounds "9"]
[EventCountry "DEN"]
[Source "ChessBase"]
[SourceDate "1998.11.10"]

1. g3 d5 2. Bg2 Nf6 3. d3 Bf5 4. Nd2 e6 5. e4 Bg6 6. Qe2 Be7 7. Ngf3 h6 8. O-O
c6 9. b3 a5 10. a4 Na6 11. Ne5 Bh7 12. exd5 cxd5 13. Ndf3 O-O 14. Bh3 Nc7 15.
Nd4 Ra6 16. Be3 Nd7 17. f4 Bf6 18. Ng4 Re8 19. Nxf6+ Qxf6 20. Nb5 Rc6 21. Bd4
Qe7 22. Qd2 Na6 23. Na7 Rc7 24. Nb5 Rcc8 25. Na7 Rc7 26. Nb5 Rcc8 1/2-1/2

[Event "Taastrup 25 Jubilee"]
[Site "Taastrup"]
[Date "1997.??.??"]
[Round "1"]
[White "Hansen, Lars"]
[Black "Andersen, Preben"]
[Result "1-0"]
[WhiteElo "2330"]
[BlackElo "2055"]
[PlyCount "41"]
[EventDate "1997.??.??"]
[EventType "swiss"]
[EventRounds "9"]
[EventCountry "DEN"]
[Source "ChessBase"]
[SourceDate "1998.11.10"]

1. e4 Nf6 2. Nc3 d5 3. e5 d4 4. exf6 dxc3 5. fxg7 cxd2+ 6. Bxd2 Bxg7 7. Qf3 Qd7
8. Bc3 O-O 9. Bxg7 Kxg7 10. Rd1 Qc6 11. Qg3+ Kh8 12. Bd3 f5 13. Nf3 Nd7 14. O-O
Rg8 15. Qh3 Nc5 16. Nd4 Qg6 17. Bxf5 Bxf5 18. Nxf5 Rae8 19. Rfe1 Ne6 20. Qc3+
Qf6 21. Rxe6 1-0

[Event "Taastrup 25 Jubilee"]
[Site "Taastrup"]
[Date "1997.??.??"]
[Round "5"]
[White "Hansen, Lars Henrik Bech"]
[Black "Andersen, Preben"]
[Result "1/2-1/2"]
[WhiteElo "2185"]
[BlackElo "2055"]
[PlyCount "28"]
[EventDate "1997.??.??"]
[EventType "swiss"]
[EventRounds "9"]
[EventCountry "DEN"]
[Source "ChessBase"]
[SourceDate "1998.11.10"]

1. e4 c6 2. d4 d5 3. exd5 cxd5 4. Bd3 Nc6 5. c3 g6 6. Nf3 Nh6 7. O-O Bf5 8.
Bxf5 Nxf5 9. Qb3 Qd7 10. Bf4 Bg7 11. Ne5 Nxe5 12. Bxe5 O-O 13. Bxg7 Kxg7 14.
Nd2 Nh4 1/2-1/2

[Event "Taastrup 25 Jubilee"]
[Site "Taastrup"]
[Date "1997.??.??"]
[Round "2"]
[White "Hansen, Lars Henrik Bech"]
[Black "Hansen, Lars"]
[Result "0-1"]
[WhiteElo "2185"]
[BlackElo "2330"]
[PlyCount "56"]
[EventDate "1997.??.??"]
[EventType "swiss"]
[EventRounds "9"]
[EventCountry "DEN"]
[Source "ChessBase"]
[SourceDate "1998.11.10"]

1. e4 e5 2. Nf3 d6 3. d4 exd4 4. Nxd4 g6 5. Nc3 Bg7 6. Be3 Nf6 7. f3 O-O 8. Qd2
Re8 9. O-O-O Nc6 10. g4 Ne5 11. Be2 a6 12. Bh6 Bh8 13. Bg5 b5 14. Nd5 Bb7 15.
Nxf6+ Bxf6 16. Bxf6 Qxf6 17. g5 Qe7 18. c3 Rad8 19. b3 c5 20. Nc2 d5 21. exd5
Bxd5 22. Qf4 Qc7 23. Qg3 Qa5 24. Kb2 c4 25. Rhe1 cxb3 26. axb3 Rc8 27. f4 Nf3
28. b4 Qa2+ 0-1

[Event "Taastrup 25 Jubilee"]
[Site "Taastrup"]
[Date "1997.??.??"]
[Round "1"]
[White "Hansen, Lars Henrik Bech"]
[Black "Niklasch, Oliver"]
[Result "1-0"]
[WhiteElo "2185"]
[BlackElo "2335"]
[PlyCount "63"]
[EventDate "1997.??.??"]
[EventType "swiss"]
[EventRounds "9"]
[EventCountry "DEN"]
[Source "ChessBase"]
[SourceDate "1998.11.10"]

1. e4 c5 2. Nf3 d6 3. d4 cxd4 4. Nxd4 Nf6 5. Nc3 a6 6. Be3 e6 7. g4 e5 8. Nf5
g6 9. g5 gxf5 10. exf5 d5 11. gxf6 d4 12. Bc4 Qc7 13. Qd3 dxc3 14. O-O-O Nc6
15. Rhe1 h5 16. Bg5 Bb4 17. bxc3 Ba3+ 18. Kb1 b5 19. Bxf7+ Kxf7 20. Qd5+ Kf8
21. Rg1 Qf7 22. Qxc6 Bb7 23. Qb6 Bd5 24. Qe3 Bxa2+ 25. Ka1 Qc7 26. Bh6+ Ke8 27.
Kxa2 Bc5 28. Qf3 Qf7+ 29. Kb1 Rc8 30. Rg7 Qxf6 31. Qb7 Rd8 32. Rxd8+ 1-0